00768nam a2200169 a 450000100100000000500170001000800410002704000250006810000390009324500860013226001180021830000200033604900090035695201050036595201110047099900170058100002813720200930031400.0110406s1982 dr 000 0 spa d aDO-SdBNPbspacBNPHU1 aAscuasiati de Alfau, Carmen92587010aEfemérides en la historia de la parasitología. /cCarmen Ascuasiati de Alfau. aSanto Domingo :bUniversidad Autonoma de Santo Domingo, Departamento de Microbiología y Parasitología,c1982. a24 p. ;c22 cm. aBNPD 0010718PDaPDbPDcCTd2011-04-06iLF1l0o p28137-10r2020-06-25w2020-06-25yLFPDZNo se presta 0010718PDaPDbPDcCTd2011-04-11iLF1l0o p28137-20r2020-06-25te. 2w2020-06-25yLFPDZNo se presta c27629d27629